Caricamento...

Peasants movements and their counterforces in South-East Asia/

Dettagli Bibliografici
Autore principale: Huizer, Gerrit
Natura: Printed Book
Lingua:English
Pubblicazione: New Delhi: Marwah, 1980
LEADER 00555nam a22001577a 4500
003 OSt
005 20200624134516.0
008 150930b xxu||||| |||| 00| 0 eng d
082 |a 959.05 HUI/P 
100 |a Huizer, Gerrit 
245 |a Peasants movements and their counterforces in South-East Asia/  |c Gerrit Huizer 
260 |a New Delhi:  |b Marwah,  |c 1980 
300 |a 231p. 
942 |2 ddc  |c BK 
999 |c 322408  |d 322408 
952 |0 0  |1 0  |2 ddc  |4 0  |6 959_050000000000000_HUI_P  |7 0  |9 368857  |a CSC  |b CSC  |c ST1  |d 2015-09-30  |i 3688  |l 0  |o 959.05 HUI/P  |p CSC3688  |r 2015-09-30  |w 2015-09-30  |y BK